00243 a2200085 450000500170000002000180001710000110003524500840004626000270013020251216113455.0 a9789392969898 aDas L. aWaste Recycling: Developments And Challenges With Increasing Standard Of Living bAgri Horti Pressc2025